| 000 | 00636nam a22001697a 4500 | ||
|---|---|---|---|
| 999 |
_c17422 _d17422 |
||
| 008 | 221017b ||||| |||| 00| 0 eng d | ||
| 020 | _a9786214182367 | ||
| 082 |
_22022 _aDFil 363.25 _bV712 |
||
| 100 |
_aVillarba, Waynefred H. _96044 |
||
| 245 |
_aForensic photography : _bfor criminology students and practitioners with laboratory manual / _cWaynefred H. Villarba, |
||
| 250 | _aThird edition. | ||
| 260 |
_aQuezon City : _bWiseman's Books Trading, Inc., _c©2022. |
||
| 300 |
_axviii, 234 pages : _billustrations ; _c27 cm. |
||
| 650 |
_aCriminal Identification. _946361 |
||
| 650 |
_aLegal photography. _946362 |
||
| 942 |
_2ddc _cDFIL |
||